The winner takes it all -ABBA paroles - Statistiques

Statistiques générales
  • Ce quiz a été pris 50 fois
  • Le résultat moyen est 157 sur 250
Statistiques - réponses
Réponse % Correct
a
100%
A
100%
I
100%
The
100%
the
100%
When
100%
all
97%
takes
97%
winner
97%
don’t
94%
it
94%
wanna
91%
talk
88%
be
84%
to
81%
you
81%
You
81%
And
78%
and
78%
loser
75%
thing
75%
About
69%
But
69%
has
69%
my
69%
No
69%
by
66%
fall
66%
it’s
66%
It’s
66%
me
66%
was
66%
history
63%
in
63%
is
63%
say
63%
small
63%
things
63%
victory
63%
your
63%
does
59%
Does
59%
her
59%
more
59%
play
59%
standing
59%
that’s
59%
That’s
59%
there
59%
too
59%
we’ve
59%
what
59%
Beside
56%
destiny
56%
done
56%
fool
56%
I’ve
56%
Now
56%
played
56%
Thinking
56%
through
56%
arms
53%
cards
53%
feel
53%
gods
53%
gone
53%
rules
53%
Rules
53%
she
53%
you’ve
53%
You’ve
53%
belonged
50%
Building
50%
hurting
50%
dice
47%
I’d
47%
may
47%
Nothing
47%
see
47%
sense
47%
strong
47%
throw
47%
as
44%
come
44%
fence
44%
figured
44%
game
44%
home
44%
kiss
44%
Like
44%
made
44%
makes
44%
so
44%
Why
44%
apologize
41%
hand
41%
If
41%
on
41%
same
41%
should
41%
simple
41%
Though
41%
used
41%
way
41%
calls
38%
can
38%
cold
38%
here
38%
ice
38%
know
38%
name
38%
Playing
38%
tell
38%
Their
38%
will
38%
ace
34%
complain
34%
friend
34%
must
34%
again
31%
dear
31%
decide
31%
down
31%
judges
31%
lover
31%
obeyed
31%
sad
31%
shake
31%
someone
31%
Always
28%
Loses
28%
minds
28%
miss
28%
or
28%
plain
28%
Somewhere
28%
bad
25%
big
25%
deep
25%
inside
25%
of
25%
understand
25%
tense
22%
confidence
19%
likes
19%
Seeing
19%
low
16%
self
16%
show
16%
Spectators
16%
staying
16%
abide
9%
Aucun quiz correspondant
Distribution des résultats
% des personnes avec chaque résultat
Percentile par nombre de réponses
Votre historique - résultats
Vous n’avez pas pris ce quiz